LEADER 00580nab a2200169 i 4500 001 000000270127 003 CaOOAMICUS 005 20180831164838.0 008 180831n xx uu u0 0und r 013 $a16282 040 $aSeMil$bita 245 10$a[vedi periodico]. 500 $aOttobre-Dicembre 2008. 773 0 $tMigrazioni nell'era della globalizzazione.$dBologna : Centro Editoriale Dehoniano, 2008.$w()176771 774 0 $tItinerari ATISM, 45.$w()306169 774 0 $tRassegna delle riviste italiane ed estere.$w()306170 996 $6245$a[vedi periodico]$9(OLS)http://semarc/title/309439 LEADER 01215nam a2200277 4500 001 000000353008 003 CaOOAMICUS 005 20230403160323.0 008 230301s2022 vc 000 u ita r 020 $a978-88-401-9095-2 040 $aSeMil$bita 100 1 $aPapale, Claudio.$0(OLS)http://semarc/name/62537 245 10$aFormulario commentato del processo penale canonico /$cClaudio Papale. 250 $a3. ed. aggiornata 264 1$aCittą del Vaticano :$bUrbaniana University Press,$c2022. 300 $a266 p. ;$c24 cm 490 1 $aStudia Canonica ;$v85 650 4$aDiritto canonico penale.$0(OLS)http://semarc/subject/9775 650 4$aDiritto processuale canonico.$0(OLS)http://semarc/subject/3750 830 0$aStudia/Canonica ;$v85.$0(OLS)http://semarc/title/15199 850 $aSeMil 852 $aSeMil$W1$xVenegono$y1$m2H V 29$j237941$B244239$CSeMilBibl$Z2$F244239 $81 996 $6020$a978-88-401-9095-2$9(OLS)http://semarc/number/297708 996 $6245$aFormulario commentato del processo penale canonico$9(OLS)http://semarc/title/437448 996 $6264$aCittą del Vaticano :$bUrbaniana University Press$9(OLS)http://semarc/publisher/31817